Great myths of personality (Registro nro. 325687)

Detalles MARC
000 -ENCABEZADO
Número de control [NR] 02949nam a22002897a 4500
005 - FECHA Y HORA DE LA ÚLTIMA TRANSACCIÓN
control field 20250820073538.0
008 - DE LONGITUD FIJA DE DATOS DE ELEMENTOS - INFORMACIÓN GENERAL
Elementos de longitud fija [NR] 250820b ||||| |||| 00| 0 eng d
020 ## - NUMERO INTERNACIONAL NORMALIZADO PARA LIBROS [R]
Número Internacional Normalizado del libro [NR] 9781118521397 (cloth)
020 ## - NUMERO INTERNACIONAL NORMALIZADO PARA LIBROS [R]
Número Internacional Normalizado del libro [NR] 9781118521359 (paperback)
020 ## - NUMERO INTERNACIONAL NORMALIZADO PARA LIBROS [R]
Número Internacional Normalizado del libro [NR] 9781118521441 (pdf)
020 ## - NUMERO INTERNACIONAL NORMALIZADO PARA LIBROS [R]
Número Internacional Normalizado del libro [NR] 9781118521410 (ePub)
040 ## - FUENTE DE CATALOGACION [NR]
Agencia de catalogación original [NR] CO-BoUCM
Quien Cataloga David Moreno
Quien Clasifica David Moreno
041 ## - CODIGO DE IDIOMA [R]
Código de idioma para texto/pista de sonido o título separado [R] Inglés
060 ## - SIGNATURA TOPOGRAFICA DE LA BIBLIOTECA NACIONAL DE MEDICINA (NLM) [R]
Número clasificador [R] WM 145
100 1# - ASIENTO PRINCIPAL--NOMBRE PERSONAL [NR]
Nombre personal [NR] Donnellan, M. Brent
ID Autoridad 186565
245 10 - MENCION DE TITULO [NR]
Título [NR] Great myths of personality
Mención de responsabilidad, etc. [NR] M. Brent Donnellan and Richard E. Lucas.
250 ## - MENCION DE EDICION [NR]
Mención de edición [NR] 1a.Ed
260 ## - PUBLICACION, DISTRIBUCION, ETC. (PIE DE IMPRENTA) [R]
Lugar de publicación, distribución, etc. [R] Hoboken, Nueva Jersey
Nombre del editor, distribuidor, etc. [R] John Wiley & Sons, Inc.
Fecha de publicación, distribución, etc. [R] 2021
300 ## - DESCRIPCION FISICA [R]
Extensión [R] vii, 274 Paginas
490 ## - MENCION DE SERIE [R]
Mención de serie [R] Great myths of psychology
504 ## - NOTA DE BIBLIOGRAFIA, ETC. [R]
Nota de bibliografía, etc. [NR] Incluye referencias bibliográficas e índices
505 ## - NOTA DE CONTENIDO CON FORMATO PREESTABLECIDO [R]
Mención de responsabilidad [R] Situational factors overwhelm personality when predicting behavior -- Personality measures do not predict consequential outcomes (like health, wealth, and divorce) well enough to be useful -- There is a single gene for a single personality trait -- Evolutionary perspectives are not relevant for personality -- People come in discrete personality types -- Personality is too complicated to be measured -- Personality measures can be faked so they are not valid -- The Myers-Briggs Type Indicator is the best approach for assessing personality -- Projective tests are the best approach for measuring personality -- Unstructured interviews are the best approach for measuring personality -- Most personality quizzes in magazines and on websites provide accurate information about your personality -- Personality traits do not have much consistency across the life span -- Personality is completely stable (or set like plaster) after age 30 -- Traumatic life events dramatically reshape personality -- Adolescence is the most significant period of personality development -- Birth order is an important influence on personality -- Parenting practices are the major source of personality differences -- Happiness is completely determined by situational factors -- Happiness is unrelated to major life events -- Happiness results primarily from person-environment fit -- There is a 3-to-1 positivity- negativity ratio for flourishing -- Personality trait similarity matters for romantic relationships -- Spouses are especially similar in terms of personality traits or spouses have complementary personality traits -- High self-esteem and narcissism are the same attribute -- Perceptions of national character reflect "real" group differences -- Personality is radically different from culture to culture -- Men are from Mars, women are from Venus (men and women have dramatically different personalities) -- Clinicians can't treat personality disorders.
650 14 - ASIENTO SECUNDARIO DE MATERIA - TERMINO TEMATICO [R]
Término temático o nombre geográfico como elemento de entrada [NR] Personalidad
Subdivisión general [R] Psicología
-- Mitos
9 (RLIN) 186566
650 14 - ASIENTO SECUNDARIO DE MATERIA - TERMINO TEMATICO [R]
Término temático o nombre geográfico como elemento de entrada [NR] Teorías de la personalidad
Subdivisión general [R] Rasgos
-- Diferencias
9 (RLIN) 186567
700 1# - ASIENTO SECUNDARIO - NOMBRE PERSONAL [R]
Nombre personal [NR] Lucas, Richard Eric
9 (RLIN) 186568
942 ## - ELEMENTOS DE ENTRADA AGREGADOS (KOHA)
Sistema de clasificación NLM
Tema principal Ciencias de la salud
Tipo de ítem principal el descrito en 300a Libro
Edición 1
Clasificación WM 145
Parte restante de la signatura top. D685g
Título oculto en OPAC No
Existencias
Total préstamos Signatura topográfica Código de barras Última vez visto Ejemplar Price effective from Tipo de ítem Nota pública (OPAC) Perdido Sistema de clasificación Dañado No prestable Tipo de ítem específico Suprimido Ubicación habitual Ubicación actual Localización Fecha de creación Forma de adquisición
  WM 145 D685g 100174298 12/12/2025 Ej.1 20/08/2025 Libro Spot Psicología & Psiquiatría   NLM     Libro   Quinta de Mutis Quinta de Mutis 3er piso 20/08/2025 Compra